Gentecita del montón (Registro nro. 3742)

Detalles MARC
000 -CABECERA
Longitud fija campo de control 01114nam a2200277Ia 4500
005 - • FECHA Y HORA DE LA ÚLTIMA TRANSACCIÓN
Fecha y hora de la última transacción 20220317000329.0
008 - • CÓDIGOS DE INFORMACIÓN DE LONGITUD FIJA
Códigos de información de longitud fija 141031s9999 ck 000 0 spa d
020 ## - • NÚMERO INTERNACIONAL NORMALIZADO PARA LIBROS
Número Internacional Normalizado para Libros (ISBN) 9789588375427
040 ## - FUENTE DE LA CATALOGACIÓN
Centro catalogador de origen CO-BoRNBP
Lengua de catalogación spa
Normas de descripción rda
Centro transcriptor CO-BoRNBP
084 ## - • Clasificación Local Alfanúmerica PNLB
Número de clasificación C RUB5
100 1# - • PUNTO DE ACCESO PRINCIPAL-NOMBRE DE PERSONA
Nombre de persona Rubiano Vargas, Roberto,
Fechas asociadas al nombre 1952-
245 10 - • TITULO PROPIAMENTE DICHO
Título Gentecita del montón
Mención de responsabilidad, etc. Roberto Rubiano Vargas
250 ## - • MENCIÓN DE EDICIÓN
Mención de edición 1a edición
264 ## - PRODUCCIÓN, PUBLICACIÓN , DISTRIBUCIÓN, FABRICACIÓN Y COPYRIGHT
Lugar de producción, publicación, distribución, fabricación Cartagena de Indias
Nombre del productor, editor, distribuidor, fabricante Pluma de Mompox
Fecha de de producción, publicación, distribución, fabricación o copyright 2011
300 ## - • DESCRIPCIÓN FÍSICA
Extensión 108 páginas
Dimensiones 22 cm.
336 ## - TIPO DE CONTENIDO
Término de tipo de contenido texto
Código de tipo de contenido txt
Fuente rdacontent
337 ## - TIPO DE MEDIO
Nombre del tipo de medio sin mediación
Código del tipo de medio n
Fuente rdamedia
338 ## - TIPO DE SOPORTE
Nombre del tipo de soporte volumen
Código del tipo de soporte nc
Fuente rdacarrier
490 ## - • MENCIÓN DE SERIE
Mención de serie Voces de fuego
500 ## - • NOTA GENERAL
Nota general Incluye datos biográficos del autor en la solapa
505 ## - • NOTA DE CONTENIDO CON FORMATO
Nota de contenido con formato Gentecita del montón -- Noche artificial -- La sombra de la mujercita flor -- Los prisioneros -- Tayrona blues -- Una mojarra bien frita -- Bocachica otra vez -- Orden público -- La iniciación -- Un domingo antes del fin del mundo -- Las verdes colinas de Suba
650 14 - • PUNTO DE ACCESO ADICIONAL DE MATERIA - TÉRMINO DE MATERIA
Fuente del encabezamiento o término LEMB
Término de materia o nombre geográfico como elemento inicial Cuentos colombianos
650 14 - • PUNTO DE ACCESO ADICIONAL DE MATERIA - TÉRMINO DE MATERIA
Fuente del encabezamiento o término LEMB
Término de materia o nombre geográfico como elemento inicial Literatura colombiana
650 14 - • PUNTO DE ACCESO ADICIONAL DE MATERIA - TÉRMINO DE MATERIA
Fuente del encabezamiento o término LEMB
Término de materia o nombre geográfico como elemento inicial Amor en la literatura
942 ## - ENTRADA DE ELEMENTOS AGREGADOS (KOHA)
Fuente de clasificaión o esquema
Koha [por defecto] tipo de item Libro Literatura

No hay ítems disponibles.










Instituto Departamental de Cultura del Meta - Red Departamental de Bibliotecas Públicas del Meta.